000 01280nam a2200241Ia 4500
999 _c36318
_d36318
001 2225
003 GE_BSU
005 20190507120013.0
008 181216s2004||||ge |||||||||||||| ||geo||
010 _a9994009990
040 _cGE_BSU
041 _ageo
080 _a37.01+004.42 ჩ–31
100 _aჩაჩანიძე, გურამ
_9851
245 _aინტერნეტ-განათლების ტექნოლოგიები და მისი განვითარების პერსპექტივები :
_bსახელმძღვ. სტუდენტებისათვის /
_cგურამ ჩაჩანიძე, ვახტანგ სართანია; რედ.: ქეთევან ნანობაშვილი.
300 _a230 გვ. ;
_b19 სმ.
653 _aინფორმატიკა
653 _aინტერნეტის სახელმძღვანელოები
700 _aსართანია, ვახტანგ
_eავტორი
_9852
700 _aნანობაშვილი, ქეთევან
_eრექაქტორი
_9853
710 _aთბილ. სახ. პედ. უნ-ტი.
_9854
942 _cBK
_2udc